Mis-Matched TV Shows Quiz Stats

Quiz Updated Apr 23, 2015

Also try: Mis-Matched Bands
Challenge
Share
Tweet
Score 0/32 Timer 07:00
0 Plays Today
% Correct
How I Met Jeannie
97.6%
Game of Cards
97.2%
Fraggle 5th Grader
97.2%
Howdy Raymond
96.9%
Sex and You
96.8%
Keeping Up With a Fox
96.6%
The Big Leap
96.5%
Sons of Lucy
96.4%
The Incredible Link
96.3%
Queer Eye for the Bell
96.2%
Diff’rent Men
96%
16 and a Millionaire
95.9%
1000 Ways to Dance
95.7%
Miami Tune
95.5%
Desperate Life
94.8%
Monday Night Best
93.9%
% Correct
Home Life
93.8%
One Day Under
93.5%
Touched by Pains
93.2%
Veronica’s World
93%
The Good Deal
92.7%
The Flying Boss
92.4%
Ghost Island
92.4%
Leave it to Luck
92.2%
Duck Thief
91.9%
The Streets of Space
91.8%
Here Comes Eddie’s Father
91.7%
Storm Swap
91.3%
Absolutely Incorrect
90%
The Rat Race
89.5%
Pee-wee’s Hall
89.6%
All My Dollars
89.2%

You're not logged in!

Compare scores with friends on all Sporcle quizzes.
Sign Up with Email
OR
Log In

You Might Also Like...

Show Comments

Extras

Top Quizzes Today


Score Distribution

Your Account Isn't Verified!

In order to create a playlist on Sporcle, you need to verify the email address you used during registration. Go to your Sporcle Settings to finish the process.